000
00327nam a2200145Ia 4500
003
OSt
005
20240216110003.0
008
170524s9999 xx 000 0 und d
020
_a
9789384588687
040
_c
IIMT
100
_a
LAT- R
245
0
_a
ENGINEERING DRAWING
260
_b
NEW DELHI: VAYU EDUCATION
942
_2
ddc
_c
02
999
_c
7586
_d
7586